Problèmes de la guerre à Rome
Uloženo v:
| Hlavní autor: | |
|---|---|
| Médium: | Kniha |
| Jazyk: | francouzština |
| Vydáno: |
París
Mouton and Co
1969
|
| Edice: | Civilisations et Sociétés, 12
|
| Témata: | |
| Tagy: |
Přidat tag
Žádné tagy, Buďte první, kdo vytvoří štítek k tomuto záznamu!
|
MARC
| LEADER | 00000nam a2200000 a 4500 | ||
|---|---|---|---|
| 001 | UCP9431 | ||
| 003 | CL-VaPUC | ||
| 008 | 000324e19690000FR |||||||||||||||||fre|d | ||
| 082 | 0 | 4 | |a 937 |b BRI |2 21 |
| 100 | 0 | |a Brisson, Jean-Paul |e author |9 440007 | |
| 245 | 1 | 0 | |a Problèmes de la guerre à Rome |
| 300 | |a 195 p | ||
| 942 | |c BK | ||
| 945 | |d 20000324 00:00:00 |a rherrera | ||
| 260 | |a París |b Mouton and Co |c 1969 | ||
| 650 | 0 | |a Historia antigua |9 267521 | |
| 650 | 7 | |a ROMA |2 CL-VaPUC |9 317375 | |
| 650 | 0 | |a República romana |9 433651 | |
| 650 | 0 | |a Imperio Romano |9 322785 | |
| 650 | 0 | |a Guerras púnicas |9 318990 | |
| 650 | 7 | |a EJERCITO ROMANO |2 CL-VaPUC |9 440008 | |
| 650 | 0 | |a Guerras |9 255273 | |
| 650 | 0 | |a Guerra civil |9 320243 | |
| 650 | 0 | |a Armamento |9 357063 | |
| 650 | 7 | |a INSTITUCIONES MILITARES |2 CL-VaPUC |9 434610 | |
| 583 | |a last modification |c 20000324 00:00:00 |k Rodrigo Vera | ||
| 490 | 0 | |a Civilisations et Sociétés, 12 | |
| 999 | |c 286244 |d 286242 | ||
| 952 | |0 0 |1 0 |4 0 |6 937_000000000000000_BRI_1969 |7 0 |8 A |9 331757 |a BIBHIS |b BIBHIS |d 2019-11-20 |i 1389866 |o 937 BRI 1969 |p 1389866 |r 2025-01-20 |w 2019-11-20 |y BK |k HIS | ||